LEADER 01239nam a2200265 i 4500 001 000000138971 003 CaOOAMICUS 005 20050516000000.0 008 050516s1985 it u000 u ita u 013 $a112975 040 $aSeMil$bita 100 1 $aBattistoni, Lea.$0(OLS)http://semarc/name/56196 245 12$aL'avvento post-industriale /$cDi L. Battistoni ... [et al.] ; A cura di Domenico De Masi. 260 $aMilano :$bFranco Angeli,$ccopyr. 1985. 300 $a416 p. ;$c22 cm. 490 0 $aDocumenti ISVET [Istituto per gli studi sullo sviluppo economico e il progresso tecnico] ;$v74 500 $aContiene : Nota bibliografica. 650 4$aSocietà e sviluppo economico.$0(OLS)http://semarc/subject/18558 700 1 $aDe Masi, Domenico.$0(OLS)http://semarc/name/6378 830 0$aDocumenti ISVET [Istituto per gli studi sullo sviluppo economico e il progresso tecnico] ;$v74.$0(OLS)http://semarc/title/18051 850 $aSeMil 852 $aSeMil$W1$xVenegono$y1$m80 26 74 *$j92410$B92410$CSeMilBibl$Z2$F98018 $81 961 $aLascito: Corradi mons. Enrico 996 $6245$aL'avvento post-industriale$9(OLS)http://semarc/title/203095 996 $6260$aMilano :$bFranco Angeli$9(OLS)http://semarc/publisher/30369 LEADER 00784nam a2200193 i 4500 001 000000216686 003 CaOOAMICUS 005 20121107000000.0 008 121107s1793 it u000 u ita u 013 $a195581 026 $ae;et ere- a-er coco (3) 1793 (R) 040 $aSeMil$bita 245 10$aTomo 3. 300 $a206, [2] p. 500 $aSegn. : A-N8. 773 0 $tDizionario portatile della teologia tradotto dal francese nell'italiano, ed accresciuto di note, e di articoli dal p. abate d. Prospero Dell'Aquila ... Tomo 1. [-3.].$bEdizione quinta veneta.$dIn Venezia : Appresso Silvestro Gatti, 1793.$g3$w()27482 850 $aSeMil 852 $aSeMil$W1$xVenegono$y1$m2D II 7 FA$j167102$B167102$CSeMilBibl$Z2$F177905 $8I 996 $6245$aTomo 3$9(OLS)http://semarc/title/53129 LEADER 00895nam a2200205 i 4500 001 000000123652 003 CaOOAMICUS 005 20260320081455.0 008 040302s1983 fr u000 u fre u 013 $a96348 020 $a2-85032-080-3 040 $aSeMil$bita 245 10$a3: Iehoshoua? (Josué) ; Suffètes (Juges) ; 1 Shemouél (Samuel 1) ; 2 Shemouél (Samuel 2) ; 1 Rois (Rois 1) ; 2 Rois (Rois 2) 300 $a573 p. 773 0 $tUnivers de la Bible.$dParis : Lidis, 1982-1985.$g3$w()11115 850 $aSeMil 852 $aSeMil$W1$xVenegono$y1$m2V VI 10$j78312$B78312$CSeMilBibl$Z2$F80568 $81 996 $6020$a2-85032-080-3$9(OLS)http://semarc/number/109248 996 $6245$a3: Iehoshoua? (Josué) ; Suffètes (Juges) ; 1 Shemouél (Samuel 1) ; 2 Shemouél (Samuel 2) ; 1 Rois (Rois 1) ; 2 Rois (Rois 2)$9(OLS)http://semarc/title/451397